[Event "Remote S5E No Engine-251 email"]
[Site "Remote email"]
[Date "2013.11.12"]
[Round "?"]
[White "Koenigsberger, Christian"]
[Black "Sydlik, Joerg"]
[Result "0-1"]
[WhiteElo "2221"]
[BlackElo "2333"]
[PlyCount "44"]
[EventDate "2013.??.??"]
[EventType "tourn (corr)"]
[EventRounds "4"]
[EventCountry "GER"]
[SourceTitle "Corr 2015"]
[Source "ChessBase"]
[SourceDate "2015.07.17"]
[SourceVersion "1"]
[SourceVersionDate "2015.07.17"]
[SourceQuality "1"]

1. e4 c5 2. c3 Nf6 3. e5 Nd5 4. d4 cxd4 5. cxd4 d6 6. Nf3 Nc6 7. Bc4 Nb6 8. Bxf7+ Kxf7 9. e6+ Ke8 10. d5 Nb4 11. Nc3 Qc7 12. 0-0 Qc4 13. Ng5 N6xd5 14. Nxd5 Qxd5 15. Qa4+ Nc6 16. b4 b5 17. Qc2 Nd4 18. Qc7 h6 19. Bb2 Ne2+ 20. Kh1 hxg5 21. Rfd1 Qe4 22. Re1 Rxh2+ 0-1

[Event "Remote S7E-158 email"]
[Site "Remote email"]
[Date "2013.09.20"]
[Round "?"]
[White "Cabrera Trujillo, Claudio Tomas"]
[Black "Sydlik, Joerg"]
[Result "0-1"]
[WhiteElo "1912"]
[BlackElo "2333"]
[PlyCount "58"]
[EventDate "2013.??.??"]
[EventType "tourn (corr)"]
[EventRounds "6"]
[EventCountry "GER"]
[SourceTitle "Corr 2015"]
[Source "ChessBase"]
[SourceDate "2015.07.17"]
[SourceVersion "1"]
[SourceVersionDate "2015.07.17"]
[SourceQuality "1"]

1. Nf3 d5 2. d4 Nf6 3. c4 dxc4 4. e3 Be6 5. Nc3 h6 6. Ne5 c6 7. Bxc4 Bxc4 8. Nxc4 Nbd7 9. 0-0 e6 10. f3 b5 11. Ne5 Nxe5 12. dxe5 Nd5 13. Qb3 Be7 14. Rd1 Qb6 15. Ne4 0-0 16. a4 a5 17. Bd2 Rfb8 18. Rdc1 Rd8 19. Qc2 Bb4 20. Re1 bxa4 21. Rxa4 Qb5 22. Raa1 Bxd2 23. Nxd2 Nb4 24. Qd1 Rd5 25. Qe2 Nc2 26. Qxb5 cxb5 27. Nb3 Nxa1 28. Rxa1 Rd3 29. Nd4 b4 0-1

[Event "Remote S7E-158 email"]
[Site "Remote email"]
[Date "2013.09.20"]
[Round "?"]
[White "Peschen, Rainer"]
[Black "Sydlik, Joerg"]
[Result "0-1"]
[WhiteElo "2221"]
[BlackElo "2333"]
[PlyCount "64"]
[EventDate "2013.??.??"]
[EventType "tourn (corr)"]
[EventRounds "6"]
[EventCountry "GER"]
[SourceTitle "Corr 2015"]
[Source "ChessBase"]
[SourceDate "2015.07.17"]
[SourceVersion "1"]
[SourceVersionDate "2015.07.17"]
[SourceQuality "1"]

1. d4 Nf6 2. f3 d5 3. e4 dxe4 4. Nc3 exf3 5. Nxf3 c6 6. Bd3 g6 7. 0-0 Bg4 8. Bg5 Bxf3 9. Qxf3 Qxd4+ 10. Be3 Qg4 11. Qf2 Nbd7 12. h3 Qb4 13. a3 Qa5 14. b4 Qd8 15. g4 h6 16. Rad1 Bg7 17. Ne4 0-0 18. Qh4 Nxe4 19. Bxe4 e6 20. Qg3 Qe8 21. Bg2 Qc8 22. c4 Nb6 23. Rc1 Rd8 24. Be4 Rd7 25. h4 Qd8 26. g5 Bd4 27. Qf2 Bxe3 28. Qxe3 hxg5 29. hxg5 e5 30. Bg2 Rd4 31. c5 Nc4 32. Qe2 Nd2 0-1

[Event "Remote S7E Pro-158 email"]
[Site "Remote email"]
[Date "2012.11.09"]
[Round "?"]
[White "Sydlik, Joerg"]
[Black "Leisebein, Peter"]
[Result "1/2-1/2"]
[WhiteElo "2494"]
[BlackElo "2374"]
[PlyCount "58"]
[EventDate "2012.??.??"]
[EventType "tourn (corr)"]
[EventRounds "6"]
[EventCountry "GER"]
[SourceTitle "Corr 2015"]
[Source "ChessBase"]
[SourceDate "2015.07.17"]
[SourceVersion "1"]
[SourceVersionDate "2015.07.17"]
[SourceQuality "1"]

1. e4 e5 2. Nf3 Nc6 3. Bb5 f5 4. Nc3 fxe4 5. Nxe4 d5 6. Nxe5 dxe4 7. Nxc6 Qg5 8. Qe2 Nf6 9. Nxa7+ Kd8 10. Nxc8 Qxg2 11. Qf1 Qxf1+ 12. Kxf1 Kxc8 13. d4 exd3 14. Bxd3 Bd6 15. a4 Rf8 16. h3 Ra5 17. Rg1 g6 18. Bh6 Re8 19. Rg5 Ra8 20. Rb5 c6 21. Rb3 Ra5 22. Be2 Kc7 23. Rf3 Ne4 24. c3 Re7 25. Rf8 Rd7 26. Re8 Re7 27. Rxe7+ Bxe7 28. Bf4+ Bd6 29. Be3 b5 1/2-1/2

[Event "Remote S7E Pro-158 email"]
[Site "Remote email"]
[Date "2012.11.09"]
[Round "?"]
[White "Sydlik, Joerg"]
[Black "Vehlow, Burkhard"]
[Result "0-1"]
[WhiteElo "2494"]
[BlackElo "2246"]
[PlyCount "60"]
[EventDate "2012.??.??"]
[EventType "tourn (corr)"]
[EventRounds "6"]
[EventCountry "GER"]
[SourceTitle "Corr 2015"]
[Source "ChessBase"]
[SourceDate "2015.07.17"]
[SourceVersion "1"]
[SourceVersionDate "2015.07.17"]
[SourceQuality "1"]

1. e4 c5 2. Nf3 e6 3. d4 cxd4 4. Nxd4 a6 5. Bd3 Bc5 6. Nb3 Be7 7. Qg4 g6 8. 0-0 d6 9. Qe2 Qc7 10. Nc3 Nd7 11. Be3 Ngf6 12. a4 Ne5 13. f4 Nxd3 14. cxd3 Bd7 15. e5 dxe5 16. fxe5 Nh5 17. g4 Ng7 18. Ne4 Nf5 19. Rac1 Bc6 20. gxf5 gxf5 21. Qf3 Rg8+ 22. Kh1 Rg7 23. Rxc6 bxc6 24. Nf6+ Bxf6 25. exf6 Rg4 26. Bf4 Qd7 27. Na5 Qd5 28. Qxd5 cxd5 29. Nc6 Rc8 30. Ne5 Rg6 0-1

[Event "Remote 4 Seasons Autumn email"]
[Site "Remote email"]
[Date "2012.11.01"]
[Round "?"]
[White "Dietrich, Udo"]
[Black "Sydlik, Joerg"]
[Result "1/2-1/2"]
[WhiteElo "2432"]
[BlackElo "2494"]
[PlyCount "76"]
[EventDate "2012.??.??"]
[EventType "tourn (corr)"]
[EventRounds "12"]
[EventCountry "GER"]
[SourceTitle "Corr 2015"]
[Source "ChessBase"]
[SourceDate "2015.07.17"]
[SourceVersion "1"]
[SourceVersionDate "2015.07.17"]
[SourceQuality "1"]

1. d4 Nf6 2. c4 e6 3. Nf3 b6 4. Nc3 Bb7 5. a3 d5 6. cxd5 Nxd5 7. Qc2 Nxc3 8. Qxc3 h6 9. e3 Bd6 10. Bb5+ c6 11. Ba4 0-0 12. Bc2 Nd7 13. Qd3 f5 14. Bb3 Qe7 15. Bd2 c5 16. Qe2 Kh7 17. Bc3 b5 18. 0-0 a5 19. dxc5 Nxc5 20. Bc2 b4 21. axb4 axb4 22. Bxb4 Ba6 23. Rxa6 Nxa6 24. Bc3 Nb4 25. Bb3 Nd5 26. Bxd5 exd5 27. Qb5 Bc5 28. g3 Rab8 29. Qc6 Rfd8 30. Kg2 Rb6 31. Qa4 Rdb8 32. Qf4 Qe6 33. Rd1 R8b7 34. Qe5 Qxe5 35. Bxe5 Bd6 36. Bd4 Rb5 37. h4 g6 38. Rc1 Rc7 1/2-1/2

[Event "Remote 4 Seasons Autumn email"]
[Site "Remote email"]
[Date "2012.11.01"]
[Round "?"]
[White "Koestner, Wolfgang"]
[Black "Sydlik, Joerg"]
[Result "0-1"]
[WhiteElo "2375"]
[BlackElo "2494"]
[PlyCount "104"]
[EventDate "2012.??.??"]
[EventType "tourn (corr)"]
[EventRounds "12"]
[EventCountry "GER"]
[SourceTitle "Corr 2015"]
[Source "ChessBase"]
[SourceDate "2015.07.17"]
[SourceVersion "1"]
[SourceVersionDate "2015.07.17"]
[SourceQuality "1"]

1. Nf3 d5 2. g3 c6 3. Bg2 Nf6 4. 0-0 Bf5 5. d3 e6 6. Nc3 Be7 7. Nh4 Bg4 8. h3 Bh5 9. g4 Bg6 10. Nxg6 hxg6 11. e4 dxe4 12. dxe4 Nbd7 13. Qf3 Bd6 14. a4 a5 15. Rd1 Qc7 16. Be3 Be5 17. Qe2 Bh2+ 18. Kf1 Bf4 19. b3 g5 20. Rab1 Bxe3 21. Qxe3 Qf4 22. Qe1 Qe5 23. Qe3 Qc5 24. Ke2 Qxe3+ 25. Kxe3 0-0-0 26. Ne2 e5 27. Ng1 Nh7 28. Nf3 f6 29. Rd6 Nc5 30. Rxd8+ Kxd8 31. Nd2 Kc7 32. Bf1 b6 33. f3 Nf8 34. Rd1 Ng6 35. Nc4 Nf4 36. Rd2 Nce6 37. Rf2 Nd4 38. Rd2 Ng6 39. Nb2 Ra8 40. Kf2 Nh4 41. Be2 Rh8 42. Nd3 Ng6 43. Bf1 Nf4 44. Nxf4 gxf4 45. Kg2 g5 46. Bc4 b5 47. axb5 cxb5 48. Bd5 b4 49. Bc4 Kb6 50. Bd3 Rc8 51. Kf2 a4 52. bxa4 Rc3 0-1

[Event "Remote 4 Seasons Autumn email"]
[Site "Remote email"]
[Date "2012.11.01"]
[Round "?"]
[White "Sydlik, Joerg"]
[Black "Doderer, Harald"]
[Result "1/2-1/2"]
[WhiteElo "2494"]
[BlackElo "2377"]
[PlyCount "48"]
[EventDate "2012.??.??"]
[EventType "tourn (corr)"]
[EventRounds "12"]
[EventCountry "GER"]
[SourceTitle "Corr 2015"]
[Source "ChessBase"]
[SourceDate "2015.07.17"]
[SourceVersion "1"]
[SourceVersionDate "2015.07.17"]
[SourceQuality "1"]

1. e4 c6 2. d4 d5 3. Nc3 dxe4 4. Nxe4 Bf5 5. Ng3 Bg6 6. h4 h6 7. Nf3 Nd7 8. h5 Bh7 9. Bd3 Bxd3 10. Qxd3 Ngf6 11. Bd2 Qc7 12. 0-0-0 e6 13. Kb1 0-0-0 14. c4 c5 15. Qe2 Bd6 16. Ne4 Nxe4 17. Qxe4 Nf6 18. Qc2 cxd4 19. Nxd4 a6 20. Rh4 Bc5 21. Bc3 Rd7 22. Rc1 Bxd4 23. Bxd4 Rhd8 24. Qc3 Qc6 1/2-1/2

[Event "Remote 4 Seasons Autumn email"]
[Site "Remote email"]
[Date "2012.11.01"]
[Round "?"]
[White "Sydlik, Joerg"]
[Black "Firsching, Guenter"]
[Result "1/2-1/2"]
[WhiteElo "2494"]
[BlackElo "2440"]
[PlyCount "74"]
[EventDate "2012.??.??"]
[EventType "tourn (corr)"]
[EventRounds "12"]
[EventCountry "GER"]
[SourceTitle "Corr 2015"]
[Source "ChessBase"]
[SourceDate "2015.07.17"]
[SourceVersion "1"]
[SourceVersionDate "2015.07.17"]
[SourceQuality "1"]

1. e4 c5 2. Nf3 d6 3. d4 cxd4 4. Nxd4 Nf6 5. Nc3 a6 6. Bg5 Nbd7 7. f3 e6 8. Qd2 Qc7 9. 0-0-0 b5 10. Kb1 Bb7 11. a3 h6 12. Bxf6 Nxf6 13. Ncxb5 axb5 14. e5 Nd7 15. Nxb5 Qb6 16. exd6 Kd8 17. Bc4 Ra5 18. Qb4 g5 19. Be2 Ra8 20. Qd2 Bc6 21. Nd4 Rg8 22. h4 Bb7 23. Qd3 Rb8 24. b4 Ra8 25. Nb5 Ba6 26. Qe4 Qb7 27. Qxb7 Bxb7 28. c4 Nf6 29. Ka2 Nh5 30. Bd3 gxh4 31. Rd2 Nf4 32. Be4 Bxe4 33. fxe4 Rg3 34. Rf1 Nd3 35. Rxf7 Bxd6 36. Nxd6 Nxb4+ 37. Kb1 Raxa3 1/2-1/2

[Event "Paulinares Memorial email"]
[Site "Remote email"]
[Date "2012.10.01"]
[Round "?"]
[White "Allerberger, Peter"]
[Black "Sydlik, Joerg"]
[Result "1/2-1/2"]
[WhiteElo "2521"]
[BlackElo "2353"]
[PlyCount "58"]
[EventDate "2012.??.??"]
[EventType "tourn (corr)"]
[EventRounds "11"]
[EventCountry "GER"]
[SourceTitle "Corr 2015"]
[Source "ChessBase"]
[SourceDate "2015.07.17"]
[SourceVersion "1"]
[SourceVersionDate "2015.07.17"]
[SourceQuality "1"]

1. e4 c5 2. Nf3 Nc6 3. d4 cxd4 4. Nxd4 Nf6 5. Nc3 e5 6. Ndb5 d6 7. Bg5 a6 8. Na3 b5 9. Bxf6 gxf6 10. Nd5 f5 11. Bd3 Be6 12. 0-0 Bxd5 13. exd5 Ne7 14. Nxb5 Bg7 15. Nc3 0-0 16. Qh5 e4 17. Bc4 Qc8 18. Bb3 Bxc3 19. bxc3 f4 20. Ba4 Qxc3 21. Rae1 f5 22. Bd7 Kh8 23. Be6 Ra7 24. Rb1 Rc7 25. Kh1 Qf6 26. Qe2 Qe5 27. c4 Nc6 28. dxc6 Qxe6 29. Qd2 Rxc6 1/2-1/2

[Event "Paulinares Memorial email"]
[Site "Remote email"]
[Date "2012.10.01"]
[Round "?"]
[White "Sydlik, Joerg"]
[Black "Bauer, Robert"]
[Result "0-1"]
[WhiteElo "2353"]
[BlackElo "2602"]
[PlyCount "100"]
[EventDate "2012.??.??"]
[EventType "tourn (corr)"]
[EventRounds "11"]
[EventCountry "GER"]
[SourceTitle "Corr 2015"]
[Source "ChessBase"]
[SourceDate "2015.07.17"]
[SourceVersion "1"]
[SourceVersionDate "2015.07.17"]
[SourceQuality "1"]

1. e4 c5 2. Nf3 Nc6 3. d4 cxd4 4. Nxd4 Nf6 5. Nc3 e5 6. Ndb5 d6 7. Bg5 a6 8. Na3 b5 9. Bxf6 gxf6 10. Nd5 f5 11. Bd3 Be6 12. 0-0 Bg7 13. Qh5 f4 14. c4 b4 15. Nb1 Rg8 16. Kh1 Bf8 17. Qd1 Rg6 18. Nd2 Nd4 19. g3 Rc8 20. Rg1 Bh6 21. g4 a5 22. f3 Bg5 23. Nb3 Nxb3 24. Qxb3 Bh4 25. Qc2 Kf8 26. Bf1 Qg5 27. a3 h5 28. Bh3 Bg3 29. hxg3 hxg4 30. Qh2 Rh6 31. gxf4 Qh4 32. Rg3 Rxc4 33. f5 Bxd5 34. Rxg4 Qxh3 35. Qxh3 Rxh3+ 36. Kg2 Rh8 37. exd5 Rc2+ 38. Kg3 b3 39. f6 Rhh2 40. Rg1 Rxb2 41. Ra4 Rh6 42. Rxa5 Rxf6 43. Ra4 Rc2 44. Rb4 Rg6+ 45. Rg4 Rh6 46. Rh4 Rxh4 47. Kxh4 b2 48. Rb1 Ke7 49. Kg5 Rf2 50. Kg4 Kd7 0-1

[Event "Remote S7 Top 66 email"]
[Site "Remote email"]
[Date "2012.10.01"]
[Round "?"]
[White "Sydlik, Joerg"]
[Black "Mahling, Thomas"]
[Result "0-1"]
[WhiteElo "2345"]
[BlackElo "2549"]
[PlyCount "92"]
[EventDate "2012.??.??"]
[EventType "tourn (corr)"]
[EventRounds "6"]
[EventCountry "GER"]
[SourceTitle "Corr 2015"]
[Source "ChessBase"]
[SourceDate "2015.07.17"]
[SourceVersion "1"]
[SourceVersionDate "2015.07.17"]
[SourceQuality "1"]

1. e4 c5 2. Nf3 Nc6 3. d4 cxd4 4. Nxd4 Nf6 5. Nc3 e5 6. Ndb5 d6 7. Bg5 a6 8. Na3 b5 9. Bxf6 gxf6 10. Nd5 f5 11. Bd3 Be6 12. 0-0 Bxd5 13. exd5 Ne7 14. Nxb5 Bg7 15. Nc3 e4 16. Bc4 0-0 17. Qd2 Ng6 18. Rae1 Be5 19. Nd1 Qf6 20. c3 Nh4 21. f3 exf3 22. gxf3 Qg7+ 23. Kh1 Bf4 24. Qe2 Kh8 25. Rg1 Qh6 26. Ref1 Rae8 27. Qf2 Re5 28. b3 Rfe8 29. h3 Ng6 30. Qg2 Rg8 31. Nf2 Ne7 32. Ng4 fxg4 33. fxg4 f5 34. Rxf4 Qxf4 35. Qf1 Qh6 36. g5 Rxg5 37. Rxg5 Qxg5 38. Bxa6 Qd2 39. Qf3 Re1+ 40. Bf1 f4 41. Qg2 Qc1 42. Kg1 Nf5 43. b4 Ne3 44. Kh2 Nxg2 45. Bxg2 Qe3 46. Bf1 Qf2+ 0-1

[Event "Paulinares Memorial email"]
[Site "Remote email"]
[Date "2012.10.01"]
[Round "?"]
[White "Tauscher, Karl"]
[Black "Sydlik, Joerg"]
[Result "1/2-1/2"]
[WhiteElo "2465"]
[BlackElo "2353"]
[PlyCount "49"]
[EventDate "2012.??.??"]
[EventType "tourn (corr)"]
[EventRounds "11"]
[EventCountry "GER"]
[SourceTitle "Corr 2015"]
[Source "ChessBase"]
[SourceDate "2015.07.17"]
[SourceVersion "1"]
[SourceVersionDate "2015.07.17"]
[SourceQuality "1"]

1. e4 c5 2. Nf3 Nc6 3. Bb5 g6 4. 0-0 Bg7 5. c3 e5 6. d4 cxd4 7. cxd4 exd4 8. Bf4 a6 9. Ba4 Nge7 10. Bd6 b5 11. Bb3 Bb7 12. Re1 Nc8 13. e5 Nxd6 14. exd6+ Kf8 15. a4 Qf6 16. Nbd2 Qxd6 17. Ne4 Qb4 18. axb5 axb5 19. Rxa8+ Bxa8 20. Neg5 Nd8 21. Nxf7 Bxf3 22. Ne5 Bxe5 23. Qxf3+ Kg7 24. Rxe5 Rf8 25. Qd5 1/2-1/2

[Event "Remote S7E Pro-146 email"]
[Site "Remote email"]
[Date "2012.01.04"]
[Round "?"]
[White "Gappel, Heinz"]
[Black "Sydlik, Joerg"]
[Result "1/2-1/2"]
[WhiteElo "2418"]
[BlackElo "2496"]
[PlyCount "59"]
[EventDate "2012.??.??"]
[EventType "tourn (corr)"]
[EventRounds "6"]
[EventCountry "GER"]
[SourceTitle "Corr 2015"]
[Source "ChessBase"]
[SourceDate "2015.07.17"]
[SourceVersion "1"]
[SourceVersionDate "2015.07.17"]
[SourceQuality "1"]

1. d4 Nf6 2. c4 e6 3. Nf3 b6 4. g3 Ba6 5. b3 Bb4+ 6. Bd2 Be7 7. Bg2 0-0 8. 0-0 d5 9. Ne5 c6 10. Bc3 Nfd7 11. Nxd7 Nxd7 12. Nd2 f5 13. Bb2 Rc8 14. Rc1 Bd6 15. Nf3 Qe7 16. Ne1 Nf6 17. Nd3 Ne4 18. f3 Nf6 19. Re1 c5 20. dxc5 Bxc5+ 21. Nxc5 Qxc5+ 22. Bd4 Qd6 23. Bxf6 Rxf6 24. cxd5 Rxc1 25. Qxc1 exd5 26. f4 d4 27. Bf3 Rf8 28. Qc2 Qe7 29. Qd2 Rd8 30. Rd1 1/2-1/2

[Event "Remote S7E Pro-146 email"]
[Site "Remote email"]
[Date "2012.01.04"]
[Round "?"]
[White "Sydlik, Joerg"]
[Black "Milde, Lars"]
[Result "1/2-1/2"]
[WhiteElo "2496"]
[BlackElo "2226"]
[PlyCount "134"]
[EventDate "2012.??.??"]
[EventType "tourn (corr)"]
[EventRounds "6"]
[EventCountry "GER"]
[SourceTitle "Corr 2015"]
[Source "ChessBase"]
[SourceDate "2015.07.17"]
[SourceVersion "1"]
[SourceVersionDate "2015.07.17"]
[SourceQuality "1"]

1. e4 e5 2. Nf3 Nc6 3. Bb5 a6 4. Ba4 Nf6 5. 0-0 Be7 6. Re1 b5 7. Bb3 0-0 8. c3 d6 9. h3 Na5 10. Bc2 c5 11. d4 Qc7 12. Nbd2 cxd4 13. cxd4 Re8 14. d5 Bd7 15. Bd3 Nh5 16. Nf1 Bf6 17. Be3 Nf4 18. Rc1 Qd8 19. b3 Nxd3 20. Qxd3 Nb7 21. b4 a5 22. a3 axb4 23. axb4 Ra4 24. Bd2 Qb6 25. Qc3 Rb8 26. Be3 Qd8 27. Qd2 Rba8 28. Ng3 g6 29. Qb2 Ra2 30. Qb1 Kg7 31. Ne2 Be7 32. Nc3 R2a3 33. Qc2 Qe8 34. Qb2 f6 35. Nd2 R3a6 36. f4 Rc8 37. Ne2 Raa8 38. Nb3 Kg8 39. Rxc8 Rxc8 40. Ra1 Nd8 41. fxe5 fxe5 42. Na5 Nf7 43. Nc3 Bd8 44. Rc1 Ra8 45. Nb7 Rb8 46. Nxd8 Qxd8 47. Ra1 Ra8 48. Rxa8 Qxa8 49. Ne2 Kg7 50. Kh2 Qa4 51. Nc3 Qa8 52. Qa2 Qc8 53. Bd2 Qc7 54. Ne2 Nh6 55. Qa5 Qb8 56. Be3 Ng8 57. Ng3 Nf6 58. Ba7 Qb7 59. Qd8 Qxa7 60. Qe7+ Kg8 61. Qxf6 Qb8 62. Qe7 Be8 63. h4 h5 64. Nh1 Bf7 65. Nf2 Qf8 66. Qg5 Kg7 67. Nh3 Qb8 1/2-1/2

[Event "Remote S7E Pro-146 email"]
[Site "Remote email"]
[Date "2012.01.04"]
[Round "?"]
[White "Vehlow, Burkhard"]
[Black "Sydlik, Joerg"]
[Result "0-1"]
[WhiteElo "2249"]
[BlackElo "2496"]
[PlyCount "58"]
[EventDate "2012.??.??"]
[EventType "tourn (corr)"]
[EventRounds "6"]
[EventCountry "GER"]
[SourceTitle "Corr 2015"]
[Source "ChessBase"]
[SourceDate "2015.07.17"]
[SourceVersion "1"]
[SourceVersionDate "2015.07.17"]
[SourceQuality "1"]

1. d4 Nf6 2. c4 e6 3. Nf3 b6 4. g3 Ba6 5. b3 Bb4+ 6. Bd2 Be7 7. Nc3 0-0 8. Qc2 d5 9. cxd5 exd5 10. Bh3 c5 11. 0-0 Nc6 12. Be3 Bc8 13. Bxc8 Rxc8 14. dxc5 d4 15. Rad1 bxc5 16. Bg5 Nb4 17. Qf5 g6 18. Qb1 Nd7 19. Ne4 Bxg5 20. Nexg5 Re8 21. Rfe1 Nd5 22. Qd3 Nc3 23. Rc1 Nxa2 24. Ra1 Nb4 25. Qd2 a6 26. Nh3 Nf6 27. Nf4 Ne4 28. Qb2 Qf6 29. h4 h6 0-1

[Event "Remote S7E High-118 email"]
[Site "Remote email"]
[Date "2012.01.01"]
[Round "?"]
[White "Sydlik, Joerg"]
[Black "Faber, Hans Alban"]
[Result "1-0"]
[WhiteElo "2496"]
[BlackElo "2457"]
[PlyCount "101"]
[EventDate "2012.??.??"]
[EventType "tourn (corr)"]
[EventRounds "6"]
[EventCountry "GER"]
[SourceTitle "Corr 2015"]
[Source "ChessBase"]
[SourceDate "2015.07.17"]
[SourceVersion "1"]
[SourceVersionDate "2015.07.17"]
[SourceQuality "1"]

1. e4 d6 2. d4 g6 3. Nc3 Bg7 4. Nf3 Nf6 5. Be2 c6 6. h3 0-0 7. 0-0 Nbd7 8. Be3 Qc7 9. a4 b6 10. Qd2 a6 11. Rfe1 Bb7 12. e5 dxe5 13. dxe5 Nxe5 14. Nxe5 Qxe5 15. Bxb6 Qd6 16. Rad1 Qxd2 17. Rxd2 Nd5 18. Bd4 Nxc3 19. Bxc3 Bxc3 20. bxc3 Bc8 21. Bc4 Re8 22. a5 Rb8 23. g4 Kg7 24. Kh2 Rb2 25. Bb3 h5 26. Kg3 e5 27. Rd6 c5 28. c4 hxg4 29. hxg4 f5 30. g5 Re7 31. Kf3 f4 32. Ke2 Rb7 33. Rb6 Rd7 34. Ba4 Rxb6 35. Bxd7 Rb8 36. Bxc8 Rxc8 37. Kf3 Re8 38. Rd1 Rf8 39. Rd6 Rf5 40. Kg4 e4 41. Rxa6 e3 42. Ra7+ Kf8 43. Kf3 Rxg5 44. fxe3 fxe3 45. a6 Re5 46. Ke2 Re6 47. Ra8+ Kg7 48. a7 Ra6 49. Kxe3 Ra4 50. Kf3 Ra5 51. Ke4 1-0